La aventura de la historia (Registro nro. 27126)

Detalles MARC
000 -CABECERA
Longitud fija campo de control 00718nai a22001937a 4500
003 - IDENTIFICADOR DELl NÚMERO DE CONTROL
Identificador del número de control OSt
005 - FECHA Y HORA DE LA ÚLTIMA TRANSACCIÓN
Fecha y hora de la última transacción 20170324101839.0
008 - CÓDIGOS DE INFORMACIÓN DE LONGITUD FIJA
Códigos de información de longitud fija 170209b xxu||||| |||| 00| 0 eng d
040 ## - FUENTE DE LA CATALOGACIÓN
Centro catalogador de origen BMC
Centro transcriptor BMC
082 ## - NÚMERO DE LA CLASIFICACIÓN DECIMAL DEWEY
Númeroo de clasificación 909
245 03 - MENCIÓN DE TÍTULO
Título La aventura de la historia
Resto del título : noviembre
Mención de responsabilidad, etc. Javier Villalba, editor
260 ## - PUBLICACIÓN, DISTRIBUCIÓN, ETC. (PIE DE IMPRENTA)
Lugar de publicación, distribución, etc. Madrid
Nombre del editor, distribuidor, etc. Grupo Unidad
Fecha de publicación, distribución, etc. 1999
300 ## - DESCRIPCIÓN FÍSICA
Extensión 114 p.
Dimensiones 28 cm
Material anejo + 1 h. pleg.
490 ## - MENCIÓN DE SERIE
Mención de serie La aventura de la historia
Designación de volumen o secuencia 13, año 2
505 ## - NOTA DE CONTENIDO CON FORMATO
Nota de contenido con formato Contiene: La ciudad de Velásquez.- Nubia, los faraones negros.- Operación reconquista de España.- Mina, un liberal en la indepencia de México.- Los faraones negros.-
650 24 - PUNTO DE ACCESO ADICIONAL DE MATERIA - TÉRMINO DE MATERIA
9 (RLIN) 1258
Término de materia o nombre geográfico como elemento inicial Historia universal
700 1# - PUNTO DE ACCESO ADICIONAL - NOMBRE DE PERSONA
9 (RLIN) 20715
Nombre de persona Villalba, Javier‏
942 ## - ENTRADA DE ELEMENTOS AGREGADOS (KOHA)
Fuente de clasificaión o esquema Dewey Decimal Classification
Koha [por defecto] tipo de item 2- Prensa y Revistas
Existencias
Suprimido Perdido Fuente de clasificación o esquema Estropeado Restricciones de uso No para préstamo Código de colección Localización permanente Localización actual Localización en estanter&íacute;as Fecha adquisición Fuente de adquisición Número de inventario Préstamos totales Signatura completa Código de barras Fecha última consulta Fecha del precio de reemplazo Tipo de item de Koha
NULL NULL Dewey Decimal Classification NULL Prestable NULL NULL Biblioteca Miguel de Cervantes - UNICAES Biblioteca Miguel de Cervantes - UNICAES Sala Principal 06/04/2006 Donación - ADESH 000029   AVE-000029 1040977 02/03/2017 02/03/2017 2- Prensa y Revistas